| 000 | 00373nam a2200145Ia 4500 | ||
|---|---|---|---|
| 008 | 210716s1994 xx 000 0 und d | ||
| 020 | _a0877797080 | ||
| 041 | _aeng | ||
| 082 | _a413 MERR | ||
| 245 | _aMerrian websters collegiate dictionary. | ||
| 250 | _a10 | ||
| 260 |
_aMassachusetts _bMerriam Webster Inc _c1994 |
||
| 300 | _a38a,1559 | ||
| 650 | _aDictionaries(413) | ||
| 999 |
_c201719 _d201719 |
||